| 000 | 01529nam a2200361 i 4500 | ||
|---|---|---|---|
| 003 | EG-GICUC | ||
| 005 | 20260121101657.0 | ||
| 008 | 260107s1997 ua d|||fr|||| 00| 0 ara d | ||
| 017 | _a٩٨/١٣٨٤ | ||
| 020 | _a977-19-5215-3 | ||
| 040 |
_aEG-GICUC _bara _cEG-GICUC _dEG-GICUC _erda |
||
| 041 | 0 | _aara | |
| 082 | 0 | 4 |
_221 _a345.6 _bص ا . ا |
| 092 | 0 | 4 | _221 |
| 099 | _aLaw1 07 345.6 ص ا . ا 1997 | ||
| 100 | 0 |
_aصابر الحسينى محمود الجندى _eمؤلف. |
|
| 245 | 1 | 0 |
_aاختيار القيادة الإدارية في مصر في ظل القانون رقم 5 لسنة ١٩٩١ : _bبشأن الوظائف المدنية القيادية ولائحته التنفيذية / _cإعداد صابر الحسيني محمود الجندي. |
| 264 |
_a[ دون مكان نشر ] : _b[دون ناشر]، _c1997. |
||
| 300 |
_a336 صفحة : _bإيضاحيات؛ _c24 سم. |
||
| 336 |
_atext _2rda content |
||
| 337 |
_aComputer _2rda media |
||
| 338 |
_aOnline Resource _2rda carrier |
||
| 504 | _a. 231-228 ببليوجرافيا: صفحات | ||
| 504 | _aيشتمل على إرجاعات ببليوجرافية. | ||
| 546 | _aالنص باللغة العربية | ||
| 650 | 4 | _aالقرارت الإدارية | |
| 650 | 4 | _aالقانون الإداري | |
| 700 | 0 |
_aمحمد مرغنى خيرى _eمشرف. |
|
| 710 | 2 |
_aجامعة عين شمس _bكلية الحقوق |
|
| 856 | _uhttps://fll.law.cu.edu.eg/fulltext/th/B07-01442.pdf | ||
| 905 | _a32 | ||
| 942 |
_2ddc _cTH _e21 _n0 |
||
| 999 |
_c55125 _d55125 |
||